[Event "DEM U10"]
[Site "Willingen"]
[Date "2006.06.05"]
[Round "5.15"]
[White "Knopf, Felix"]
[Black "Eigemann, Frederik"]
[Result "0-1"]
[WhiteElo "1251"]
[BlackElo "1372"]
[PlyCount "176"]
[EventDate "2006.??.??"]
[EventType "swiss"]
[EventRounds "11"]
[EventCountry "GER"]

1. c4 e5 2. Nc3 Nf6 3. e4 Bc5 4. d3 Nc6 5. h3 d6 6. Nf3 O-O 7. Be2 Be6 8. O-O
h6 9. Bd2 Re8 10. Nd5 Nd4 11. Nxd4 Bxd4 12. Rb1 c6 13. Ne3 d5 14. Qc2 Qd7 15.
Kh2 Rad8 16. Rfd1 Rc8 17. b4 Red8 18. a3 b6 19. Bf3 Rc7 20. a4 a6 21. Rbc1 Rdc8
22. Qb1 dxe4 23. dxe4 Qe7 24. Kh1 Qd7 25. Bc3 c5 26. b5 a5 27. Kh2 Rd8 28. Qc2
Qe7 29. Nd5 Nxd5 30. exd5 Bc8 31. Re1 Qd6 32. Kh1 Qf6 33. Qd3 Bf5 34. Qe2 Qg6
35. Bh5 Qf6 36. Qf3 Qg5 37. g4 Bh7 38. Qg3 Re7 39. h4 Qf6 40. Bxd4 exd4 41.
Rxe7 Qxe7 42. g5 hxg5 43. hxg5 Qd6 44. Qf3 Qe7 45. Qg3 Qd6 46. Qg4 Qe5 47. Qh4
Qe4+ 48. Qxe4 Bxe4+ 49. Kh2 Bd3 50. Bg4 Kf8 51. Kg3 Ke7 52. f4 f5 53. gxf6+
Kxf6 54. Be6 Re8 55. Kf2 Bf5 56. Bxf5 Kxf5 57. Rg1 Re7 58. Kf3 Re3+ 59. Kf2 g6
60. Rh1 Re7 61. Kf3 Kf6 62. Rh8 Rb7 63. Kg4 d3 64. Rh2 Re7 65. Kf3 Kf5 66. Rd2
Re4 67. Rxd3 Rxf4+ 68. Ke2 Re4+ 69. Kd2 Rd4 70. Rxd4 cxd4 71. Kd3 Ke5 72. d6
Kxd6 73. Kxd4 g5 74. Ke4 Kc5 75. Kf5 Kxc4 76. Kxg5 Kb4 77. Kf4 Kxa4 78. Ke3
Kxb5 79. Kd3 Kb4 80. Kc2 b5 81. Kb2 a4 82. Ka2 Kc3 83. Ka3 b4+ 84. Kxa4 b3 85.
Ka3 Kc2 86. Kb4 b2 87. Kc5 b1=Q 88. Kd4 Qd1+ {unleserlich} 0-1

[Event "DEM U10"]
[Site "Willingen"]
[Date "2006.06.05"]
[Round "5.16"]
[White "Toker, David"]
[Black "Volz, Alexander"]
[Result "1-0"]
[WhiteElo "1118"]
[BlackElo "1366"]
[PlyCount "137"]
[EventDate "2006.??.??"]
[EventType "swiss"]
[EventRounds "11"]
[EventCountry "GER"]

1. e4 e5 2. Nf3 Nc6 3. Bb5 a6 4. Ba4 Nf6 5. O-O b5 6. Bb3 Bc5 7. d3 h6 8. h3
O-O 9. Be3 Qe7 10. Bxc5 Qxc5 11. Nc3 Re8 12. a3 Bb7 13. Ne2 Rad8 14. Ng3 d6 15.
Kh1 Nd4 16. Nxd4 Qxd4 17. Rb1 Qb6 18. Nf5 Bc8 19. Qf3 c5 20. Nxh6+ Kf8 21. Nxf7
Rd7 22. Ng5 Ke7 23. Be6 Rc7 24. Bxc8 Rcxc8 25. Qe3 Rh8 26. f4 Rcf8 27. fxe5
dxe5 28. b4 Rc8 29. bxc5 Qxc5 30. Qxc5+ Rxc5 31. Rbc1 Rc3 32. Rf5 Rf8 33. Rxe5+
Kd6 34. Re6+ Kd7 35. Rxa6 Re8 36. Ra7+ Rc7 37. Rxc7+ Kxc7 38. Rb1 Re5 39. Nf3
Rc5 40. Nd4 Nd7 41. Ne6+ Kc6 42. Nxc5 Nxc5 43. Rf1 Ne6 44. c4 bxc4 45. dxc4 Kc5
46. Rf7 Kxc4 47. Re7 Ng5 48. Rxg7 Nxe4 49. Rg4 Kd5 50. Rxe4 Kxe4 51. g4 Kf4 52.
a4 Ke5 53. a5 Kd6 54. g5 Ke6 55. a6 Kf5 56. a7 Kxg5 57. a8=Q Kf5 58. Qd5+ Kf6
59. Qe4 Kg5 60. Qf3 Kg6 61. Qf4 Kg7 62. Qf5 Kg8 63. Qd7 Kf8 64. Kg2 Kg8 65. Kf3
Kh8 66. Kg4 Kg8 67. Kg5 Kf8 68. Kg6 Kg8 69. Qg7# 1-0

[Event "DEM U10"]
[Site "Willingen"]
[Date "2006.06.05"]
[Round "5.17"]
[White "Plotkin, Alex"]
[Black "Nelson, Philip"]
[Result "1-0"]
[WhiteElo "1364"]
[BlackElo "1103"]
[PlyCount "79"]
[EventDate "2006.??.??"]
[EventType "swiss"]
[EventRounds "11"]
[EventCountry "GER"]

1. e4 e6 2. d4 d5 3. e5 c5 4. c3 Nc6 5. Nf3 Qb6 6. a3 Bd7 7. b4 cxd4 8. cxd4
Nge7 9. Nc3 Rc8 10. Na4 Qc7 11. Nc5 g6 12. Be3 Bg7 13. Rc1 O-O 14. Be2 a5 15.
b5 Na7 16. Nxe6 Qb6 17. Nxf8 Rxf8 18. a4 Nf5 19. Bf4 f6 20. O-O g5 21. exf6
Bxf6 22. Nxg5 Nxd4 23. Be3 Nxe2+ 24. Qxe2 Qd8 25. Nxh7 Kxh7 26. Qh5+ Kg8 27.
Qxd5+ Kg7 28. Rfd1 Rf7 29. Bxa7 Bb2 30. Bd4+ Bxd4 31. Rxd4 Qf6 32. f3 Qh6 33.
Re1 Qg6 34. Qe5+ Kg8 35. Rf4 Bh3 36. Qe8+ Kg7 37. Rxf7+ Kh6 38. Qh8+ Kg5 39.
f4+ Kg4 40. Qxh3# 1-0

[Event "DEM U10"]
[Site "Willingen"]
[Date "2006.06.05"]
[Round "5.18"]
[White "Spiegelberg, Silvia"]
[Black "Sasse, Fabius"]
[Result "0-1"]
[WhiteElo "1046"]
[BlackElo "1337"]
[PlyCount "46"]
[EventDate "2006.??.??"]
[EventType "swiss"]
[EventRounds "11"]
[EventCountry "GER"]

1. e4 e5 2. Nf3 Nc6 3. d4 exd4 4. Nxd4 Bc5 5. Be3 Qf6 6. Nb5 Bxe3 7. fxe3 Qh4+
8. g3 Qd8 9. Bc4 a6 10. Qd5 Nh6 11. Nd4 O-O 12. Nc3 Nb4 13. Qc5 a5 14. O-O-O d6
15. Qb5 c6 16. Qa4 b5 17. Ncxb5 cxb5 18. Qxb5 Ba6 19. Qa4 Bxc4 20. Nc6 Nxc6 21.
Qxc6 Bxa2 22. b3 Bxb3 23. cxb3 Rc8 0-1

[Event "DEM U10"]
[Site "Willingen"]
[Date "2006.06.05"]
[Round "5.19"]
[White "Bluhm, Sonja Maria"]
[Black "Blübaum, Matthias"]
[Result "0-1"]
[WhiteElo "963"]
[BlackElo "1475"]
[PlyCount "50"]
[EventDate "2006.??.??"]
[EventType "swiss"]
[EventRounds "11"]
[EventCountry "GER"]

1. e4 e6 2. d4 d5 3. Nd2 Nf6 4. e5 Nfd7 5. Ngf3 c5 6. g3 Nc6 7. c3 a5 8. Bg2
cxd4 9. cxd4 Qb6 10. Qa4 Be7 11. O-O O-O 12. Rd1 Qc7 13. Qc2 b5 14. Re1 Qb6 15.
Qd3 Bb7 16. a4 Nb4 17. Qb1 bxa4 18. Rxa4 Ba6 19. Re3 Bb5 20. Ra1 Rfc8 21. b3
Nc2 22. Ra2 Nxe3 23. fxe3 Rc7 24. Ba3 Bxa3 25. Rxa3 Rac8 0-1

[Event "DEM U10"]
[Site "Willingen"]
[Date "2006.06.05"]
[Round "5.20"]
[White "Rührmund, Daniel"]
[Black "Manusina, Nicole"]
[Result "1-0"]
[WhiteElo "1470"]
[BlackElo "1110"]
[PlyCount "65"]
[EventDate "2006.??.??"]
[EventType "swiss"]
[EventRounds "11"]
[EventCountry "GER"]

1. e4 e5 2. Nf3 d6 3. d4 exd4 4. Nxd4 Nf6 5. Nc3 Nc6 6. Nxc6 bxc6 7. Bc4 Be7 8.
O-O O-O 9. Bb3 Be6 10. Bxe6 fxe6 11. Re1 e5 12. Qd3 Qd7 13. Bg5 Rf7 14. Rad1
Raf8 15. Bxf6 Bxf6 16. f4 Bh4 17. g3 Qg4 18. Kh1 Be7 19. fxe5 dxe5 20. Rf1 Qh3
21. Rxf7 Rxf7 22. Kg1 Bc5+ 23. Kh1 Be7 24. Qe2 c5 25. Qg2 Qg4 26. Qe2 Qh3 27.
Nd5 Bd6 28. Kg1 c6 29. Ne3 Bc7 30. Qg4 Qh6 31. Nf5 Qe6 32. Rf1 c4 33. Nh6+ 1-0

[Event "DEM U10"]
[Site "Willingen"]
[Date "2006.06.05"]
[Round "5.21"]
[White "Stahnecker, Ludwig"]
[Black "Hauffen, Franziska"]
[Result "1-0"]
[WhiteElo "1447"]
[BlackElo "1084"]
[PlyCount "43"]
[EventDate "2006.??.??"]
[EventType "swiss"]
[EventRounds "11"]
[EventCountry "GER"]

1. e4 c5 2. Nf3 d6 3. d4 cxd4 4. Nxd4 Nf6 5. Nc3 g6 6. Be3 Bg7 7. f3 O-O 8. Qd2
Nc6 9. O-O-O Bd7 10. h4 h5 11. Bh6 Nxd4 12. Bxg7 Kxg7 13. Qxd4 Kh7 14. Nd5 Nxd5
15. exd5 Qa5 16. Kb1 Rfc8 17. Bd3 b5 18. Qf4 Kg7 19. g4 hxg4 20. h5 gxf3 21.
hxg6 Rh8 22. Qxf7# 1-0

[Event "DEM U10"]
[Site "Willingen"]
[Date "2006.06.05"]
[Round "5.22"]
[White "Schnorr, Christian"]
[Black "Stolcz, Bianca"]
[Result "0-1"]
[WhiteElo "1372"]
[BlackElo "1095"]
[PlyCount "58"]
[EventDate "2006.??.??"]
[EventType "swiss"]
[EventRounds "11"]
[EventCountry "GER"]

1. d4 d5 2. Nf3 Bg4 3. e3 e6 4. c3 f5 5. h3 Bh5 6. Be2 Nd7 7. O-O Bd6 8. Nbd2
Ngf6 9. Ng5 Bxe2 10. Qxe2 c6 11. Nxe6 Qe7 12. Ng5 O-O 13. Ngf3 Ne4 14. Re1 g5
15. Nxe4 fxe4 16. Nd2 Rf6 17. c4 Raf8 18. Rf1 Bc7 19. f3 Qd6 20. g4 exf3 21.
Rxf3 Rxf3 22. Nxf3 Qg3+ 23. Qg2 Qxf3 24. Qxf3 Rxf3 25. Kg2 Rg3+ 26. Kf2 Nf6 27.
Bd2 Ne4+ 28. Ke2 Rg2+ 29. Kf3 Rf2# 0-1

[Event "DEM U10"]
[Site "Willingen"]
[Date "2006.06.05"]
[Round "5.23"]
[White "Bonk, Andras"]
[Black "Winterholler, Christina"]
[Result "0-1"]
[WhiteElo "1084"]
[BlackElo "1332"]
[PlyCount "86"]
[EventDate "2006.??.??"]
[EventType "swiss"]
[EventRounds "11"]
[EventCountry "GER"]

1. e4 e5 2. Nf3 Nc6 3. Bc4 Bc5 4. d3 Nf6 5. Nc3 h6 6. O-O O-O 7. Be3 Bb6 8.
Bxb6 axb6 9. d4 exd4 10. Nxd4 Re8 11. Nxc6 bxc6 12. Re1 b5 13. Bd3 b4 14. Nb1
d6 15. Nd2 Be6 16. h3 Qd7 17. Qf3 Ra7 18. Red1 Rea8 19. e5 dxe5 20. Nc4 Qe8 21.
Nxe5 Bd5 22. Qf5 Rxa2 23. Rxa2 Rxa2 24. b3 Qe6 25. Qf4 Nh5 26. Qxb4 Ra8 27. Nc4
Re8 28. Ne3 Qf6 29. Qa4 Nf4 30. Nxd5 Nxd5 31. Bc4 Nc3 32. Qa1 Nxd1 33. Qxd1 Qe5
34. Qd7 Qe7 35. Qxc6 Rd8 36. Bd3 Rd6 37. Qb5 f6 38. Bg6 Qe1+ 39. Kh2 Qe5+ 40.
Qxe5 fxe5 41. Kg3 Rxg6+ 42. Kf3 Rc6 43. c4 Kf7 0-1

[Event "DEM U10"]
[Site "Willingen"]
[Date "2006.06.05"]
[Round "5.24"]
[White "Azizi, Nassim"]
[Black "Hellwig, Immo"]
[Result "1-0"]
[WhiteElo "1331"]
[BlackElo "1074"]
[PlyCount "85"]
[EventDate "2006.??.??"]
[EventType "swiss"]
[EventRounds "11"]
[EventCountry "GER"]

1. e4 d5 2. exd5 Qxd5 3. Nc3 Qa5 4. d4 Nf6 5. Bd2 Qb6 6. Rb1 Bf5 7. Nf3 e6 8.
Bc4 Nbd7 9. Bf4 Bd6 10. Be3 Ng4 11. Bd3 Nxe3 12. fxe3 Bg4 13. Ne4 O-O-O 14.
Nxd6+ Qxd6 15. c4 f5 16. c5 Qd5 17. b3 Nf6 18. h3 Bh5 19. O-O g5 20. Qd2 g4 21.
Bc4 Qc6 22. Ne5 Ne4 23. Nxc6 Nxd2 24. Bxe6+ Rd7 25. Bxd7+ Kxd7 26. Ne5+ Ke6 27.
hxg4 fxg4 28. Rbd1 Nxf1 29. Rxf1 g3 30. Rf4 Re8 31. Rh4 Be2 32. Rf4 c6 33. Ng4
Rg8 34. Nf6 Rf8 35. Nd5 Rf5 36. Nc7+ Kf6 37. Ne8+ Kg6 38. Rxf5 Kxf5 39. Nd6+
Ke6 40. b4 b5 41. a3 a6 42. Ne4 Kf5 43. Nxg3+ 1-0

[Event "DEM U10"]
[Site "Willingen"]
[Date "2006.06.05"]
[Round "5.25"]
[White "Rahimi, Rozafa"]
[Black "Urban, Lars"]
[Result "1-0"]
[WhiteElo "1082"]
[BlackElo "1265"]
[PlyCount "93"]
[EventDate "2006.??.??"]
[EventType "swiss"]
[EventRounds "11"]
[EventCountry "GER"]

1. e4 e5 2. f4 Bc5 3. Nf3 d6 4. c3 Nf6 5. d4 exd4 6. cxd4 Bb6 7. d5 O-O 8. Nc3
Re8 9. Bd3 Bg4 10. h3 Bxf3 11. Qxf3 Nbd7 12. Be3 Qe7 13. Bxb6 axb6 14. O-O Nc5
15. Rae1 c6 16. b4 Na4 17. Bb1 Nxc3 18. Qxc3 Qd7 19. dxc6 Qxc6 20. Rf3 Nd5 21.
exd5 Qxc3 22. Rxe8+ Rxe8 23. Rxc3 h6 24. Bc2 f6 25. Bg6 Rd8 26. Rc7 Kf8 27.
Rxb7 b5 28. Rxb5 Ke7 29. Rb7+ Rd7 30. Rxd7+ Kxd7 31. a4 Kc7 32. a5 Kb7 33. b5
f5 34. Bxf5 h5 35. b6 h4 36. Bd7 g6 37. Bc6+ Kb8 38. a6 Kc8 39. a7 Kd8 40.
a8=Q+ Ke7 41. Qe8+ Kf6 42. b7 g5 43. fxg5+ Kxg5 44. b8=R Kh6 45. Qe6+ Kg5 46.
Rg8+ Kf4 47. Rg4# 1-0

[Event "DEM U10"]
[Site "Willingen"]
[Date "2006.06.05"]
[Round "5.26"]
[White "Hümmecke, Aaron"]
[Black "Takeuchi, Eiki"]
[Result "0-1"]
[WhiteElo "1260"]
[BlackElo "1065"]
[PlyCount "130"]
[EventDate "2006.??.??"]
[EventType "swiss"]
[EventRounds "11"]
[EventCountry "GER"]

1. e4 c5 2. Nf3 Nc6 3. Bb5 d6 4. Bxc6+ bxc6 5. Nc3 Nf6 6. d3 e6 7. O-O Be7 8.
Be3 O-O 9. d4 cxd4 10. Nxd4 Bd7 11. Qf3 Qc7 12. Nde2 Rfd8 13. Nf4 Rab8 14. Rab1
Rb7 15. Nh5 Rdb8 16. Nd1 a5 17. Bg5 Qd8 18. Nxf6+ Bxf6 19. Bxf6 Qxf6 20. Qxf6
gxf6 21. b3 Kh8 22. Nc3 Rg8 23. Kh1 Rbb8 24. Rbd1 d5 25. Na4 Bc8 26. Rfe1 Bb7
27. exd5 cxd5 28. Nb6 Rbd8 29. f3 e5 30. c4 d4 31. a3 Rg5 32. b4 axb4 33. axb4
Rdg8 34. Rg1 Rf5 35. Nd5 Ra8 36. Rgf1 Bxd5 37. cxd5 Rd8 38. f4 Rxd5 39. fxe5
Rxf1+ 40. Rxf1 fxe5 41. Rxf7 d3 42. Rf1 e4 43. Kg1 e3 44. Rb1 d2 45. Kf1 d1=Q+
46. Rxd1 Rxd1+ 47. Ke2 Rb1 48. Kxe3 Rxb4 49. Kf3 Kg7 50. g4 Kg6 51. Kg3 h5 52.
gxh5+ Kxh5 53. Kh3 Rb3+ 54. Kg2 Kg4 55. Kh1 Kh3 56. Kg1 Rb2 57. Kf1 Kxh2 58.
Ke1 Kg3 59. Kd1 Kf3 60. Kc1 Rh2 61. Kb1 Ke3 62. Ka1 Kd3 63. Kb1 Kc3 64. Ka1 Kb3
65. Kb1 Rh1# 0-1

[Event "DEM U10"]
[Site "Willingen"]
[Date "2006.06.05"]
[Round "5.27"]
[White "Holle, Cedric"]
[Black "Bokemaer, David"]
[Result "0-1"]
[WhiteElo "1049"]
[BlackElo "1222"]
[PlyCount "128"]
[EventDate "2006.??.??"]
[EventType "swiss"]
[EventRounds "11"]
[EventCountry "GER"]

1. e4 e5 2. Nf3 Nc6 3. Bc4 Nf6 4. d3 Bc5 5. Bg5 d6 6. h3 O-O 7. Nc3 Bb4 8. O-O
Be6 9. Nd5 Bxd5 10. Bxd5 Rb8 11. c3 Ba5 12. d4 Qe7 13. b4 Bb6 14. b5 Nd8 15. a4
c6 16. bxc6 Nxc6 17. Bxc6 bxc6 18. Rb1 Ba5 19. Qd3 Qe6 20. Bxf6 Qxf6 21. c4
Rfd8 22. d5 Rdc8 23. Rfc1 cxd5 24. cxd5 Qf4 25. Rxc8+ Rxc8 26. Qa6 Rc1+ 27.
Rxc1 Qxc1+ 28. Kh2 Qc7 29. Qb5 g6 30. Ng5 Qd8 31. f3 Bb6 32. h4 Qf6 33. Qe8+
Kg7 34. g3 Be3 35. Qa8 h6 36. Nh3 Qxf3 37. Qb7 Qxe4 38. Qc6 Bc5 39. a5 Qc2+ 40.
Kh1 e4 41. Qb5 e3 42. Ng1 Qe4+ 43. Kh2 Qxd5 44. Qb2+ Qe5 45. Qxe5+ dxe5 46. Kg2
Bb4 47. a6 Kf6 48. Kf3 Be1 49. Ne2 Bd2 50. g4 Ke6 51. Ng3 Be1 52. Ne4 Bxh4 53.
Nc5+ Kd5 54. Nd3 e4+ 55. Ke2 exd3+ 56. Kxd3 Bf2 57. Ke2 Kc5 58. Kd3 h5 59. Ke2
hxg4 60. Kf1 Kb5 61. Kg2 Kxa6 62. Kh2 e2 63. Kg2 e1=Q 64. Kh2 Qg1# 0-1

[Event "DEM U10"]
[Site "Willingen"]
[Date "2006.06.05"]
[Round "5.29"]
[White "Steimbach, Isabel"]
[Black "Neef, Maximilian"]
[Result "0-1"]
[WhiteElo "975"]
[BlackElo "1197"]
[PlyCount "92"]
[EventDate "2006.??.??"]
[EventType "swiss"]
[EventRounds "11"]
[EventCountry "GER"]

1. e4 c5 2. d4 cxd4 3. c3 dxc3 4. Nxc3 Nc6 5. Bc4 g6 6. Nf3 Bg7 7. Bd2 d6 8.
Be3 Nf6 9. e5 Ng4 10. Bf4 Ngxe5 11. Bxe5 Nxe5 12. Nxe5 Bxe5 13. Qf3 O-O 14. O-O
Qc7 15. Bb3 Be6 16. Bxe6 fxe6 17. Nb5 Qd7 18. Qe2 a6 19. Na3 b5 20. Rad1 Bg7
21. b3 e5 22. Rfe1 d5 23. Nc2 a5 24. Ne3 d4 25. Ng4 Rf5 26. Qe4 Rd8 27. Qd3 Qd5
28. Ne3 dxe3 29. Qxd5+ Rxd5 30. fxe3 e4 31. Rc1 Rd3 32. Rc7 Kf7 33. Ra7 Bc3 34.
Rf1 Rxe3 35. Rxf5+ gxf5 36. Kf2 Rd3 37. Rc7 Bd4+ 38. Ke2 Rc3 39. Rd7 Be5 40.
Rd5 Kf6 41. Rxb5 Rc2+ 42. Ke3 Rxa2 43. h4 Rxg2 44. Rxa5 Rg3+ 45. Kd2 Rh3 46.
Ra6+ e6 0-1

[Event "DEM U10"]
[Site "Willingen"]
[Date "2006.06.05"]
[Round "5.30"]
[White "Berger, Nadja"]
[Black "Schreiber, Kevin"]
[Result "0-1"]
[WhiteElo "801"]
[BlackElo "1156"]
[PlyCount "150"]
[EventDate "2006.??.??"]
[EventType "swiss"]
[EventRounds "11"]
[EventCountry "GER"]

1. d4 d5 2. Bf4 Nf6 3. e3 e6 4. Nd2 Bd6 5. Bg3 O-O 6. Ngf3 b6 7. a4 a5 8. Bd3
Re8 9. Ne5 Nbd7 10. O-O Ba6 11. Bb5 Bxb5 12. axb5 Ne4 13. Nxe4 dxe4 14. Nc6 Qg5
15. Bxd6 cxd6 16. c4 d5 17. b3 Nb8 18. Nxb8 Raxb8 19. Qc2 Rec8 20. Ra4 Rc7 21.
Rc1 Rbc8 22. Qa2 e5 23. Rc2 exd4 24. exd4 e3 25. Rc3 exf2+ 26. Qxf2 h6 27. Qe3
Qxe3+ 28. Rxe3 dxc4 29. bxc4 Rxc4 30. Rxc4 Rxc4 31. d5 Rd4 32. Re8+ Kh7 33. Rb8
Rxd5 34. Rxb6 a4 35. Ra6 Rxb5 36. Rxa4 Rb7 37. Kf2 g6 38. g4 f6 39. Rf4 Kg7 40.
h4 g5 41. hxg5 hxg5 42. Rf5 Kg6 43. Ke3 Rb3+ 44. Kf2 Rb4 45. Kf3 Rb1 46. Kg3
Rg1+ 47. Kh3 Kf7 48. Rc5 Ke6 49. Rc6+ Kf7 50. Rc5 Rf1 51. Rc7+ Kg6 52. Rc6 Re1
53. Kg2 Kf7 54. Kf3 Re6 55. Rxe6 Kxe6 56. Ke4 f5+ 57. gxf5+ Kf6 58. Kf3 Kxf5
59. Kg3 g4 60. Kg2 Kf4 61. Kf2 g3+ 62. Kg2 Kg4 63. Kf1 Kf3 64. Kg1 g2 65. Kh2
Kf2 66. Kh3 g1=Q 67. Kh4 Qg2 68. Kh5 Qg3 69. Kh6 Qg4 70. Kh7 Qg5 71. Kh8 Kf3
72. Kh7 Kf4 73. Kh8 Kf5 74. Kh7 Kf6 75. Kh8 Qg7# 0-1

[Event "DEM U10"]
[Site "Willingen"]
[Date "2006.06.05"]
[Round "5.31"]
[White "Powierski, Emil"]
[Black "Nitzsche, Pia"]
[Result "1-0"]
[WhiteElo "1155"]
[BlackElo "1012"]
[PlyCount "111"]
[EventDate "2006.??.??"]
[EventType "swiss"]
[EventRounds "11"]
[EventCountry "GER"]

1. e4 c5 2. Nf3 d6 3. d4 cxd4 4. Nxd4 Nf6 5. Nc3 g6 6. Be3 Bg7 7. f3 O-O 8. Qd2
Nc6 9. O-O-O d5 10. Qe1 dxe4 11. Nxc6 Qc7 12. Nd4 exf3 13. Nxf3 Bd7 14. Kb1 b5
15. Nxb5 Qb7 16. Nc3 Ne4 17. Bd4 Rab8 18. b3 Nf6 19. Rd3 a5 20. Qc1 a4 21. Qb2
axb3 22. cxb3 Bf5 23. Ka1 Bxd3 24. Bxd3 Rfd8 25. Rd1 Rd7 26. Bc2 Rbd8 27. Be5
Rxd1+ 28. Bxd1 Bh6 29. Bc2 Ng4 30. Bg3 Bg7 31. h3 Rc8 32. Qc1 Bxc3+ 33. Kb1 Nf6
34. Qg5 Ne4 35. Qg4 Nxg3 36. Qxg3 Qa7 37. Qg4 Qa3 38. Qxc8+ Kg7 39. Qxc3+ Kg8
40. Qb2 Qxb2+ 41. Kxb2 f6 42. a4 e5 43. a5 f5 44. a6 e4 45. Nd4 e3 46. a7 Kf7
47. a8=Q Kf6 48. b4 Ke5 49. Qd8 Kf4 50. h4 Kg3 51. Qg5+ Kf2 52. Qf4+ Kxg2 53.
Qf3+ Kg1 54. Qe2 h5 55. Nf3+ Kh1 56. Qh2# 1-0

[Event "DEM U10"]
[Site "Willingen"]
[Date "2006.06.05"]
[Round "5.34"]
[White "Geise, Maria"]
[Black "Preiß, Vincent"]
[Result "0-1"]
[WhiteElo "942"]
[BlackElo "1289"]
[PlyCount "118"]
[EventDate "2006.??.??"]
[EventType "swiss"]
[EventRounds "11"]
[EventCountry "GER"]

1. e4 e5 2. Nf3 Nc6 3. Bc4 Bc5 4. c3 Nf6 5. d4 exd4 6. cxd4 Bb4+ 7. Bd2 Nxe4 8.
Bxb4 Nxb4 9. Qe2 d5 10. a3 Bf5 11. axb4 dxc4 12. Qxc4 O-O 13. O-O c6 14. Nc3
Ng5 15. Ne5 Nh3+ 16. Kh1 Nf4 17. Rg1 Be6 18. d5 Nxd5 19. Nxd5 Bxd5 20. Qg4 Qe7
21. Rge1 Qd6 22. Ra3 Rfe8 23. Rg3 g6 24. Rge3 Re6 25. Nf3 Rae8 26. Rxe6 Rxe6
27. Rxe6 Qxe6 28. Qf4 Bxf3 29. gxf3 Qe1+ 30. Kg2 Kg7 31. Qd4+ Kg8 32. Qxa7 Qxb4
33. Qa2 c5 34. h3 b5 35. Kg3 c4 36. f4 c3 37. bxc3 Qxc3+ 38. Kg4 b4 39. f5 h5+
40. Kg5 gxf5 41. Qa8+ Kg7 42. Kxf5 Qxh3+ 43. Ke5 Qh2+ 44. Kf5 Qxf2+ 45. Ke5
Qc5+ 46. Kf4 Qc4+ 47. Ke5 Qc3+ 48. Ke4 b3 49. Kd5 Qf3+ 50. Kc4 Qxa8 51. Kxb3
Qc6 52. Kb4 h4 53. Kb3 Qc5 54. Kb2 Qc4 55. Kb1 Qc3 56. Ka2 Qb4 57. Ka1 Kf6 58.
Ka2 Ke5 59. Ka1 Kd4 0-1

[Event "DEM U10"]
[Site "Willingen"]
[Date "2006.06.05"]
[Round "5.35"]
[White "Lagunov, Elina"]
[Black "Svane, Rasmus"]
[Result "0-1"]
[WhiteElo "857"]
[BlackElo "1034"]
[PlyCount "58"]
[EventDate "2006.??.??"]
[EventType "swiss"]
[EventRounds "11"]
[EventCountry "GER"]

1. e4 c5 2. Nf3 Nc6 3. d4 cxd4 4. Nxd4 Nf6 5. Nc3 e5 6. Nf3 Bb4 7. Bd2 O-O 8.
Bc4 Bxc3 9. Bxc3 Nxe4 10. Bd2 Nxd2 11. Qxd2 e4 12. Nd4 d5 13. Bb3 a5 14. a4 Ne5
15. O-O Ra6 16. f3 Rd6 17. fxe4 dxe4 18. Rad1 Bg4 19. Qe3 Bxd1 20. Rxd1 Nc6 21.
c3 Nxd4 22. cxd4 Re8 23. Bc2 f5 24. Bb3+ Kh8 25. Kf1 f4 26. Qc3 e3 27. Ke2 Qc8
28. h3 Qxc3 29. bxc3 Rb6 0-1

[Event "DEM U10"]
[Site "Willingen"]
[Date "2006.06.05"]
[Round "5.36"]
[White "Imgrunt, Philipp"]
[Black "Rahimi, Anita"]
[Result "1-0"]
[WhiteElo "982"]
[BlackElo "849"]
[PlyCount "127"]
[EventDate "2006.??.??"]
[EventType "swiss"]
[EventRounds "11"]
[EventCountry "GER"]

1. e4 d5 2. exd5 Qxd5 3. Nc3 Qa5 4. Nf3 c6 5. Be2 Bf5 6. O-O e6 7. d3 Nf6 8.
Bf4 Be7 9. a3 O-O 10. b4 Qd8 11. b5 h6 12. Qd2 Bd6 13. bxc6 Nxc6 14. Bxd6 Qxd6
15. Nb5 Qd7 16. c4 a6 17. Nc3 Rad8 18. Rfd1 Ng4 19. d4 b6 20. c5 bxc5 21. dxc5
Qxd2 22. Nxd2 Nf6 23. Bxa6 Bc2 24. Re1 Rxd2 25. Ra2 Nd4 26. c6 Ne8 27. Bc4 Nc7
28. Ne4 Rd1 29. Rxd1 Bxd1 30. Rd2 Bb3 31. Rxd4 Bxc4 32. Rxc4 Rd8 33. h3 f5 34.
Nc3 Kf8 35. Rb4 Ke7 36. a4 Ra8 37. Rd4 Na6 38. Rd7+ Ke8 39. Rb7 Rc8 40. Rb6 Nc7
41. a5 Ra8 42. Rb7 Kd8 43. Nb5 Nxb5 44. Rxb5 Kc7 45. Re5 Kxc6 46. Rxe6+ Kd5 47.
Rg6 Ra7 48. Kh2 f4 49. h4 h5 50. Rg5+ Ke6 51. Rxh5 Kf6 52. Rb5 Ra8 53. Rb6+ Kf7
54. a6 Kg8 55. Kh3 Kh7 56. Kg4 Kg8 57. Kxf4 Ra7 58. Kg5 Kh7 59. h5 Kg8 60. Kg6
Kf8 61. h6 gxh6 62. Kxh6 Kg8 63. g3 Kh8 64. Rb8# 1-0

[Event "DEM U10"]
[Site "Willingen"]
[Date "2006.06.05"]
[Round "5.37"]
[White "Dang, An-Hai"]
[Black "Kuckling, Hannah"]
[Result "1/2-1/2"]
[WhiteElo "1334"]
[BlackElo "876"]
[PlyCount "53"]
[EventDate "2006.??.??"]
[EventType "swiss"]
[EventRounds "11"]
[EventCountry "GER"]

1. e4 c5 2. Nf3 d6 3. d4 cxd4 4. Qxd4 Nc6 5. Bb5 Bd7 6. Bxc6 Bxc6 7. Nc3 Nf6 8.
Bg5 g6 9. O-O-O Bg7 10. Qe3 O-O 11. h3 Qc7 12. Rhe1 b5 13. Bxf6 Bxf6 14. Rh1 b4
15. Nd5 Bxd5 16. exd5 Rfc8 17. Rd2 Qa5 18. Kb1 Qb5 19. g4 a5 20. g5 Bg7 21. h4
a4 22. Rd3 a3 23. b3 Rc3 24. Rxc3 bxc3 25. h5 gxh5 26. Rxh5 Qxd5 27. Rh1
1/2-1/2

[Event "DEM U10"]
[Site "Willingen"]
[Date "2006.06.05"]
[Round "5.38"]
[White "Neumann, Florian"]
[Black "Schreiber, Justina"]
[Result "1/2-1/2"]
[WhiteElo "1037"]
[BlackElo "855"]
[PlyCount "41"]
[EventDate "2006.??.??"]
[EventType "swiss"]
[EventRounds "11"]
[EventCountry "GER"]

1. Nc3 e6 2. e4 Bb4 3. Nf3 Ne7 4. d4 d5 5. e5 c5 6. Be3 Nd7 7. Bb5 Qb6 8. O-O
Nf5 9. a3 Nxe3 10. fxe3 Bxc3 11. Bxd7+ Bxd7 12. bxc3 O-O 13. Ng5 Rac8 14. Qh5
h6 15. Nxf7 Be8 16. Nxh6+ gxh6 17. Rxf8+ Kxf8 18. Qxh6+ Ke7 19. Rf1 Kd7 20. Rf8
Qb1+ 21. Kf2 1/2-1/2

[Event "DEM U10"]
[Site "Willingen"]
[Date "2006.06.05"]
[Round "5.39"]
[White "Garbere, Diana"]
[Black "Bakalarz, Bianca"]
[Result "0-1"]
[WhiteElo "769"]
[BlackElo "1033"]
[PlyCount "44"]
[EventDate "2006.??.??"]
[EventType "swiss"]
[EventRounds "11"]
[EventCountry "GER"]

1. e4 c5 2. Nc3 e6 3. d4 cxd4 4. Qxd4 Nc6 5. Qd1 Nf6 6. f4 Bb4 7. Bd2 Bxc3 8.
Bxc3 O-O 9. f5 Nxe4 10. Qd3 Nxc3 11. Qxc3 exf5 12. Qh3 Re8+ 13. Ne2 d6 14.
O-O-O f4 15. Nxf4 Bxh3 16. gxh3 Qg5 17. Bc4 Qxf4+ 18. Kb1 Qxc4 19. Rd2 Re2 20.
Rhd1 Rxd2 21. Rxd2 Qf1+ 22. Rd1 Qxd1# 0-1

[Event "DEM U10"]
[Site "Willingen"]
[Date "2006.06.05"]
[Round "5.40"]
[White "Palm, Sören"]
[Black "Schulze, Tabea"]
[Result "1-0"]
[WhiteElo "1023"]
[BlackElo "869"]
[PlyCount "74"]
[EventDate "2006.??.??"]
[EventType "swiss"]
[EventRounds "11"]
[EventCountry "GER"]

1. e4 e5 2. Nf3 Nc6 3. d4 Nf6 4. d5 Nd4 5. Nxe5 Bc5 6. b4 Bb6 7. c3 d6 8. Nc4
Nb5 9. Nxb6 axb6 10. Bxb5+ Bd7 11. Bxd7+ Qxd7 12. Nd2 O-O 13. Qc2 c6 14. dxc6
bxc6 15. Bb2 Rfe8 16. c4 d5 17. e5 Ng4 18. Qc3 Re6 19. g3 Nh6 20. Nf3 f6 21.
Bc1 Nf5 22. g4 Ne7 23. Be3 Rb8 24. Bd4 b5 25. c5 Ra8 26. O-O Ng6 27. exf6 gxf6
28. Rae1 Rae8 29. Rxe6 Rxe6 30. Bxf6 Qf7 31. Bh8 Nxh8 32. Ng5 Qe7 33. Nxe6 Qxe6
34. Re1 Qf7 35. Re5 Ng6 36. Rg5 h6 37. Rf5 Qh7 1-0

[Event "DEM U10"]
[Site "Willingen"]
[Date "2006.06.05"]
[Round "5.41"]
[White "Priese, Annika"]
[Black "Bajorski, Maria Sophie"]
[Result "1/2-1/2"]
[WhiteElo "1000"]
[BlackElo "818"]
[PlyCount "53"]
[EventDate "2006.??.??"]
[EventType "swiss"]
[EventRounds "11"]
[EventCountry "GER"]

1. e4 c5 2. Nf3 e6 3. d4 cxd4 4. Nxd4 a6 5. Nc3 Qc7 6. Be3 Nf6 7. Bg5 Be7 8.
Bd3 O-O 9. Qf3 b5 10. Qh3 e5 11. Nf3 Nc6 12. O-O d6 13. Qh4 h6 14. Bxf6 Bxf6
15. Qg3 Qe7 16. Nd5 Qd8 17. c3 Rb8 18. a3 a5 19. b4 axb4 20. axb4 h5 21. Nd2
Bg4 22. h3 Bh4 23. Qh2 Be6 24. g3 Bg5 25. Nf3 Bh6 26. Nh4 g6 27. Qg2 1/2-1/2